| 000 | 00373nam a2200133 4500 | ||
|---|---|---|---|
| 005 | 20260530113845.0 | ||
| 100 | 1 |
_aDavid Collier / Bob Cotton _930600 |
|
| 245 | 1 | 0 | _aDiseño para la Autoedición -Manuales de Diseño GG |
| 264 | 1 |
_bGustavo Gili _c1992 |
|
| 300 | _a160 páginas | ||
| 336 |
_atexto _2rdacontent |
||
| 337 |
_asin medio _2rdamedia |
||
| 338 |
_avolumen _2rdacarrier |
||
| 999 |
_c11247 _d11247 |
||